00368 2200157 4500245004700000020002200047250001100069100001600080650001600096005001900112260002500131041001400156084000800170300002300178336000900201 aAku Rapuh dalam KasihmucWinda ZiztyhText a978-602-7999-00-8 aCet. 1 aWinda Zizty aNovel Fiksi a20230112150947 aJakartabZettuc2013 aIndonesia a813 a168 hlm. :c19 cm. atext